Social scientists as social activists: a chort history of the recent evolution of lo andino in Peru and Bolivia /
Sparad:
| Huvudupphovsman: | |
|---|---|
| Materialtyp: | Text |
| Taggar: |
Lägg till en tagg
Inga taggar, Lägg till första taggen!
|
MARC
| LEADER | 00000 a a2200000 04500 | ||
|---|---|---|---|
| 001 | 9150 | ||
| 003 | |||
| 040 | |||
| 100 | |a Niekerk, Nico van | ||
| 245 | |a Social scientists as social activists: |b a chort history of the recent evolution of lo andino in Peru and Bolivia / |c Nico van Niekerk | ||
| 773 | |g número 91; páginas 99-120 | ||
| 999 | |c 33655 |d 33655 | ||
